<?xml version="1.0" encoding="UTF-8"?>
<collection xmlns="http://www.loc.gov/MARC21/slim">
  <record>
    <leader>00000nam  2200000   4500</leader>
    <controlfield tag="001">INLIS000000000000609</controlfield>
    <controlfield tag="005">20180724135525</controlfield>
    <controlfield tag="008">180724|||||||||   |   |||   |||| ||   | </controlfield>
    <datafield tag="035" ind1=" " ind2=" ">
      <subfield code="0">010-0718000609</subfield>
    </datafield>
    <datafield tag="041" ind1=" " ind2=" ">
      <subfield code="a">id</subfield>
    </datafield>
    <datafield tag="082" ind1=" " ind2=" ">
      <subfield code="a">019</subfield>
    </datafield>
    <datafield tag="090" ind1=" " ind2=" ">
      <subfield code="a">R 019 PIM I 2014</subfield>
    </datafield>
    <datafield tag="100" ind1=" " ind2=" ">
      <subfield code="a">Kurnia, Asep</subfield>
    </datafield>
    <datafield tag="245" ind1=" " ind2=" ">
      <subfield code="a">Peningkatan Nilai Tambah Paspor Republik Indonesia ((Encancing The Added Value of Indonesian Passport)</subfield>
    </datafield>
    <datafield tag="260" ind1=" " ind2=" ">
      <subfield code="a">Jakarta</subfield>
      <subfield code="b">LAN Jakata</subfield>
      <subfield code="c">2014</subfield>
    </datafield>
    <datafield tag="300" ind1=" " ind2=" ">
      <subfield code="a">18 hlm.</subfield>
    </datafield>
    <datafield tag="500" ind1=" " ind2=" ">
      <subfield code="a">Pelaksanaan Good Governance sebagai salah satu upaya peningkatan tata laksana pemerintahan mensyaratkan adanya peningkatan kualitas pelayanan public yang akuntabel (accountable), transparan (transparent), berdasarkan hukum (by the law), tanggap (responsive), efektif (effective), dan efisien (efficient). Pelaksanaan pelayananan publik sebagaimana diatas dilakukan oleh seluruh organisasi sector public (public sector organizations) sebagai bagian dari stakeholder pemerintahan. Direktorat Jenderal Imigrasi, sebagai bagian dari pelaksana tugas dan fungsi Kementerian Hukum dan HAM RI di Bidang Keimigrasian, tidak terlepas dari kewajiban untuk melaksanakan pelayanan public secara akuntabel, transparan, berdasarkan hukum, tanggap, efektif fan efisien.</subfield>
    </datafield>
    <datafield tag="650" ind1=" " ind2=" ">
      <subfield code="a">Paspor</subfield>
    </datafield>
  </record>
</collection>
